LEADER 02171nas 2200565-a 450 001 9910339573903321 005 20240413021543.0 035 $a(CKB)963017980505 035 $a(CONSER)---52003925- 035 $a(EXLCZ)99963017980505 100 $a20750824b19491997 -f- a 101 0 $aeng 181 $ctxt$2rdacontent 182 $cc$2rdamedia 183 $acr$2rdacarrier 200 00$aEconomic bulletin for Europe /$fprepared by the Research and Planning Division, Economic Commission for Europe 210 $aGeneva $cUnited Nations$d1949-1997 215 $a1 online resource 300 $a"Intended to provide a regular review of the economic situation of Europe in the interval between the publication of the annual Economic Survey of Europe." 300 $aPublished: London : Pergamon Press, 1981-1988; New York : United Nations, 1989- 300 $aVol. 33, no. 4 published also: Geneva : United Nations, 1981. 300 $aTitle from cover. 311 08$aPrint version: Economic bulletin for Europe / 0041-638X (DLC) 52003925 (OCoLC)1567385 531 $aECON BULL EUR 531 0 $aEcon. bull. Eur. 606 $aEconomic history$2fast$3(OCoLC)fst00901974 606 $aFOREIGN TRADE$2unbist 606 $aECONOMIC TRENDS$2unbist 606 $aEUROPE$2unbist 606 $aNORTH AMERICA$2unbist 606 $aEAST-WEST TRADE$2unbist 607 $aEurope$xEconomic conditions$vPeriodicals 607 $aEurope$2fast$1https://id.oclc.org/worldcat/entity/E39PBJxCxPbbk4CPJDQJb4r6rq 607 $aEurope$xEconomic conditions$y1945-$vPeriodicals$2nli 607 $aEUROPA$xCONDICIONES ECONOMICAS$xPUBLICACIONES PERIODICAS$2renib 608 $aPeriodicals.$2fast 608 $aPeriodicals.$2lcgft 615 7$aEconomic history. 615 07$aFOREIGN TRADE. 615 07$aECONOMIC TRENDS. 615 07$aEUROPE. 615 07$aNORTH AMERICA. 615 07$aEAST-WEST TRADE. 676 $a330.94 712 02$aUnited Nations.$bEconomic Commission for Europe. 906 $aJOURNAL 912 $a9910339573903321 920 $aexl_impl conversion 996 $aEconomic bulletin for Europe$9797988 997 $aUNINA LEADER 06327oam 22016094 450 001 9910956558203321 005 20251116235612.0 010 $a9781484341247 010 $a1484341244 010 $a9781498302333 010 $a1498302335 035 $a(CKB)3710000000401347 035 $a(EBL)2029488 035 $a(SSID)ssj0001530314 035 $a(PQKBManifestationID)12622942 035 $a(PQKBTitleCode)TC0001530314 035 $a(PQKBWorkID)11530140 035 $a(PQKB)10031051 035 $a(Au-PeEL)EBL2029488 035 $a(OCoLC)908074235 035 $a(IMF)CASOLEE 035 $a(IMF)CASOLEA 035 $a(MiAaPQ)EBC2029488 035 $aCASOLEA 035 $a(EXLCZ)993710000000401347 100 $a20020129d2015 uf 0 101 0 $aeng 135 $aur|n|---||||| 181 $ctxt 182 $cc 183 $acr 200 10$aCan Abenomics Succeed? : $eOvercoming the Legacy of Japan's Lost Decades /$fDennis Botman, Stephan Danninger, Jerald Schiff 205 $a1st ed. 210 1$aWashington, D.C. :$cInternational Monetary Fund,$d2015. 215 $a1 online resource (410 p.) 300 $aDescription based upon print version of record. 311 08$a9781498324687 311 08$a1498324681 320 $aIncludes bibliographical references and index. 327 $aCover Page; Title Page; Copyright Page; Contents; Foreword; Acronyms and Abbreviations; 1 Abenomics: From the Lost Decade to the Three Arrows; 2 Abenomics: Lessons Learned from Two Decades of Conventional and Unconventional Monetary Policies; 3 Can Abenomics Overcome the Headwinds from Population Aging?; 4 Japan's Fiscal Risks; 5 Options for Fiscal Consolidation in an Aging Society; 6 Japan's Growth Challenge: Needs and Potential; 7 Labor Market Reform: Vital to the Success of Abenomics; 8 The Opportunities and Risks of Abenomics in the Financial Sector 327 $a9 Stimulating Private Investment and Innovation10 Japan's Role in the Global Economy and Spillover Effects of Abenomics; Contributors; Index; Footnotes; 3 Can Abenomics Overcome the Headwinds from Population Aging?; 4 Japan's Fiscal Risks; 5 Options for Fiscal Consolidation in an Aging Society; 6 Japan's Growth Challenge: Needs and Potential; 7 Labor Market Reform: Vital to the Success of Abenomics; 8 The Opportunities and Risks of Abenomics in the Financial Sector; 9 Stimulating Private Investment and Innovation; 10 Japan's Role in the Global Economy and Spillover Effects of Abenomics 330 3 $aJapan?s revitalization plan, dubbed the ?three arrows of Abenomics,? devises a three-pronged strategy?combining fiscal, monetary, and structural policies?to overcome that country?s apparent inability to sustain economic recovery. This book is the first comprehensive assessment of Abenomics and the reforms needed to make it a success, including aggressive monetary easing, growth-friendly fiscal consolidation, and structural and financial sector reforms. 410 0$aBooks 606 $aStagnation (Economics) 606 $aDeflation (Finance)$zJapan 606 $aBanks and Banking$2imf 606 $aLabor$2imf 606 $aMacroeconomics$2imf 606 $aPublic Finance$2imf 606 $aDemography$2imf 606 $aExports and Imports$2imf 606 $aInflation$2imf 606 $aBusiness Taxes and Subsidies$2imf 606 $aPrice Level$2imf 606 $aDeflation$2imf 606 $aDebt$2imf 606 $aDebt Management$2imf 606 $aSovereign Debt$2imf 606 $aEconomics of the Elderly$2imf 606 $aEconomics of the Handicapped$2imf 606 $aNon-labor Market Discrimination$2imf 606 $aDemand and Supply of Labor: General$2imf 606 $aSocial Security and Public Pensions$2imf 606 $aLabour$2imf 606 $aincome economics$2imf 606 $aPublic finance & taxation$2imf 606 $aPensions$2imf 606 $aPopulation & demography$2imf 606 $aCorporate & business tax$2imf 606 $aPrices$2imf 606 $aPopulation and demographics$2imf 606 $aTaxes$2imf 606 $aPublic debt$2imf 606 $aExpenditure$2imf 606 $aLabor markets$2imf 606 $aAging$2imf 606 $aCorporate income tax$2imf 606 $aPension spending$2imf 606 $aLabor market$2imf 606 $aDebts, Public$2imf 606 $aPopulation aging$2imf 606 $aCorporations$2imf 606 $aTaxation$2imf 606 $aIncome economics$2imf 607 $aJapan$xEconomic conditions$y1989- 607 $aJapan$2imf 615 0$aStagnation (Economics) 615 0$aDeflation (Finance) 615 7$aBanks and Banking 615 7$aLabor 615 7$aMacroeconomics 615 7$aPublic Finance 615 7$aDemography 615 7$aExports and Imports 615 7$aInflation 615 7$aBusiness Taxes and Subsidies 615 7$aPrice Level 615 7$aDeflation 615 7$aDebt 615 7$aDebt Management 615 7$aSovereign Debt 615 7$aEconomics of the Elderly 615 7$aEconomics of the Handicapped 615 7$aNon-labor Market Discrimination 615 7$aDemand and Supply of Labor: General 615 7$aSocial Security and Public Pensions 615 7$aLabour 615 7$aincome economics 615 7$aPublic finance & taxation 615 7$aPensions 615 7$aPopulation & demography 615 7$aCorporate & business tax 615 7$aPrices 615 7$aPopulation and demographics 615 7$aTaxes 615 7$aPublic debt 615 7$aExpenditure 615 7$aLabor markets 615 7$aAging 615 7$aCorporate income tax 615 7$aPension spending 615 7$aLabor market 615 7$aDebts, Public 615 7$aPopulation aging 615 7$aCorporations 615 7$aTaxation 615 7$aIncome economics 676 $a330.952 700 $aBotman$b Dennis$0901784 701 $aDanninger$b Stephan$01815859 701 $aSchiff$b Jerald$01804079 712 02$aInternational Monetary Fund, 801 0$bDcWaIMF 906 $aBOOK 912 $a9910956558203321 996 $aCan Abenomics Succeed?$94371753 997 $aUNINA